Nique les clones - NEKFEU PARTIE 1 - Statistiques

Statistiques générales
  • Ce quiz a été pris 420 fois
  • Le résultat moyen est 388 sur 491
Statistiques - réponses
Réponse % Correct
clones
99%
le
99%
a
98%
à
98%
À
98%
comme
98%
de
98%
De
98%
Je
98%
je
98%
ne
98%
ça
97%
plus
97%
que
97%
vois
97%
des
96%
les
95%
l'école
94%
qui
94%
commençé
93%
commencé
93%
tu
93%
pour
92%
sortir
92%
te
92%
mon
91%
Nique
91%
t'en
91%
en
90%
tout
90%
du
89%
me
89%
monde
89%
d'euro
88%
donnes
88%
l'épaule
88%
million
88%
Un
88%
un
88%
Et
87%
et
87%
j'ai
87%
joue
87%
rêvant
87%
rôles
87%
une
87%
d'euros
85%
Ici
85%
la
85%
85%
pas
85%
rose
84%
se
84%
au
83%
orties
83%
parmi
83%
poussé
83%
suis
83%
ce
82%
Ce
82%
jour
81%
dis
80%
J'étais
78%
toujours
77%
ai
75%
nos
75%
t'avais
75%
têtes
75%
ceux
74%
Ceux
74%
qu'un
74%
Rien
74%
rien
74%
différent
73%
mais
73%
Mais
73%
prêt
73%
promis
73%
arme
72%
Code
72%
il
72%
lycée
72%
Moi
72%
moi
72%
primaire
72%
taire
72%
rappelé
71%
rappellerais
71%
soit
71%
tous
71%
voir
71%
avec
70%
coups
70%
devant
70%
foutre
70%
putain
70%
subis
70%
choqué
69%
cours
69%
disaient
69%
mets
69%
noter
69%
ramené
69%
sentais
69%
voulaient
69%
coeur
68%
Parce
68%
professeurs
68%
vos
68%
j'aimais
67%
mes
67%
potes
67%
qu'à
67%
âge
66%
devantures
66%
glock
66%
J'en
66%
Pourtant
66%
prisonnier
66%
beau
65%
dit
65%
Ouais
65%
putains
65%
qu'on
65%
codes
64%
Dieu
64%
est
64%
quand
64%
Quand
64%
moque
63%
Pendant
63%
voitures
63%
d'aventure
62%
rêvais
62%
bouquinais
61%
mal
61%
avant
60%
dans
60%
parlaient
60%
autres
59%
d'être
59%
fais
59%
gamins
59%
jamais
59%
défendu
58%
doute
58%
on
58%
ressens
58%
voulais
58%
bas
57%
fond
57%
groupe
57%
peur
57%
vers
57%
bat'
56%
Faut
56%
gars
56%
pression
56%
toutes
56%
bruit
55%
céder
55%
lui
55%
peter
55%
balles
54%
déprimé
54%
leurs
54%
Maintenant
54%
Armani
53%
crâne
53%
émissions
53%
griffonnais
53%
J'avais
53%
t'es
53%
T'es
53%
tes
53%
m'étais
52%
télé
52%
imprimé
50%
l'ont
49%
bon
48%
l'ai
48%
petit
48%
poids
48%
tristes
48%
vendus
48%
pantins
47%
problèmes
47%
veut
47%
bicravait
46%
fait
46%
J'attaquais
46%
traînaient
46%
entraîné
45%
sens
45%
stagner
45%
m'installer
44%
rêve
44%
castagner
43%
casanier
42%
Christ
42%
parents
42%
l'époque
41%
Instable
40%
m'entende
40%
veulent
40%
nomade
39%
Non
39%
n'aime
36%
promène
36%
Traîner
36%
traquer
36%
malheureux
35%
parlez
35%
battre
34%
t'as
33%
Casse-toi
32%
J'écris
31%
promets
31%
pensée
29%
t'inquiète
25%
D't'façon
24%
c'te
20%
prends-on
20%
canette
3%
Aucun quiz correspondant
Distribution des résultats
% des personnes avec chaque résultat
Percentile par nombre de réponses
Votre historique - résultats
Vous n’avez pas pris ce quiz